Normal view
MARC view
- زيادة،فريد فهمي
Entry Personal Name
001 - CONTROL NUMBER
- control field: 28724
003 - CONTROL NUMBER IDENTIFIER
- control field: JO-AjAnu
005 - DATE AND TIME OF LATEST TRANSACTION
- control field: 20230606074850.0
008 - FIXED-LENGTH DATA ELEMENTS
- fixed length control field: 230606|| aca||aabn | a|a d
040 ## - CATALOGING SOURCE
- Original cataloging agency: JO-AjAnu
- Transcribing agency: JO-AjAnu
100 ## - HEADING--PERSONAL NAME
- Personal name: زيادة،فريد فهمي
670 ## - SOURCE DATA FOUND
- Source citation: Work cat.: (JO-AjAnu)14744: زيادة،فريد فهمي, author, المبادىء والاصول للادارة والاعمال:التخطيط،التنظيم،الاتصال،القيادة،الرقابة،المسئولية الاجتماعية،العمليات،التسويق،التمويل،الموارد البشرية